000 01148nam a22002657a 4500
005 20170124103134.0
010 _aA-952865
020 _c40.00
035 _aA-952865
037 _bCen Lib/Ret
040 _aDPL
_bHN
082 _a371.45
_bमिश्ररा
100 _aमिश्र, राजशेखर
_984930
245 _aकैरियर गाइड /
_cराजशेखर मिश्र
246 _aCareer guide /
_bby Rajshekhar Mishra
260 _bडायमंड पॉकेट बुक्स
_c1999
_aनयी दिल्ली
270 _aX-30, ओखला इंडस्ट्रियल एरिया, फेज-2
_bनयी दिल्ली
_e110020
300 _a134पृ.
_c20सेमी(सजिल्द)
500 _a अनुक्रमाणिका शामिल
650 _aकैरियर -- होटेल मैनेजमेंट
_976815
650 _aकैरियर
_vगाइड
_984931
650 _aCareer - hotel management
_984932
650 _aCareers
_vGuide
_984933
942 _2ddc
_cHN
_h371.45
_mमिश्ररा
999 _c119444
_d119444